Impugnación de tributos locales / Rafael Olañeta Fernández-Grande
ISBN:
84-8002-011-3
Descripción Física:
218 p. ; 24 cm
MARC
| LEADER | 00000nam a2200000Ia 4500 | ||
|---|---|---|---|
| 001 | 18159 | ||
| 008 | 160829s1991 xx 000 0 cat d | ||
| 020 | |a 84-8002-011-3 | ||
| 080 | |a D-3-106 | ||
| 100 | |a Olañeta Fernández-Grande, Rafael |9 23464 | ||
| 245 | |a Impugnación de tributos locales / Rafael Olañeta Fernández-Grande | ||
| 260 | |a Valencia : |b Tirant lo Blanch. Derecho, |c 1991 | ||
| 300 | |a 218 p. ; |c 24 cm | ||
| 590 | |a Bibliografia. | ||
| 590 | |a A la coberta: Actualidad jurídica | ||
| 650 | 0 | |a Impostos locals |z Espanya |9 22277 | |
| 650 | 0 | |a Recursos administratius |x Espanya |9 45305 | |
| 650 | 0 | |a Dret administratiu |z Espanya |9 23238 | |
| 901 | |a Arxiu | ||
| 942 | |n 1 | ||
| 952 | |0 1 |1 0 |2 udc |4 0 |5 2 |6 D3106 |7 1 |9 42716 |a Arxiu |b Arxiu |d 2016-12-01 |l 0 |o D-3-106 |p 18159 |r 2016-12-01 00:00:00 |w 2016-12-01 |y ARXIU | ||
| 999 | |c 45222 |d 45222 | ||